| 000 -LEADER |
| fixed length control field |
01116nam a2200157 4500 |
| 008 - FIXED-LENGTH DATA ELEMENTS--GENERAL INFORMATION |
| fixed length control field |
190826b ||||| |||| 00| 0 eng d |
| 100 ## - MAIN ENTRY--PERSONAL NAME |
| Personal name |
Lauer, Richard |
| 245 ## - TITLE STATEMENT |
| Title |
Is social ontology prior to social scientific methodology? |
| 260 ## - PUBLICATION, DISTRIBUTION, ETC. (IMPRINT) |
| Date of publication, distribution, etc |
2019 |
| 300 ## - PHYSICAL DESCRIPTION |
| Extent |
p.171-189. |
| 520 ## - SUMMARY, ETC. |
| Summary, etc |
In this article, I examine “Ontology Matters!” (OM!) arguments. OM! arguments conclude that ontology can contribute to empirical success in social science. First, I capture the common form between different OM! arguments. Second, I describe quantifier variance as discussed in metaontology. Third, I apply quantifier variance to the common form of OM! arguments. I then present two ways in which ontology is prior to social science methodology, one realist and one pragmatic. I argue that a pragmatic interpretation of ontology’s priority gives proponents of realist OM! arguments a special burden that they must meet to render their argument successful. - Reproduced. |
| 650 ## - SUBJECT ADDED ENTRY--TOPICAL TERM |
| Topical term or geographic name as entry element |
Social ontology |
| 9 (RLIN) |
8831 |
| 773 ## - HOST ITEM ENTRY |
| Main entry heading |
Philosophy of the Social Sciences |
| 906 ## - LOCAL DATA ELEMENT F, LDF (RLIN) |
| Subject DIP |
Social Sciences - Research |
| 942 ## - ADDED ENTRY ELEMENTS (KOHA) |
| Source of classification or shelving scheme |
|
| Item type |
Articles |